书目信息 |
| 题名: |
军事知识全知道
|
|
| 作者: | 李方江 编 | |
| 分册: | ||
| 出版信息: | 合肥 合肥工业大学出版社 2016 |
|
| 页数: | 195页 | |
| 开本: | 23cm | |
| 丛书名: | ||
| 单 册: | ||
| 中图分类: | E-49 | |
| 科图分类: | ||
| 主题词: | 军事--青少年读物 | |
| 电子资源: | ||
| ISBN: | 978-7-5650-2899-1 | |
| 000 | 00742nam0 2200229 450 | |
| 001 | 2366309537 | |
| 005 | 20231208183452.94 | |
| 010 | @a978-7-5650-2899-1@dCNY 35.00 | |
| 100 | @a20170719d2016 demy0chiy0120 ea | |
| 101 | 0 | @achi |
| 102 | @aCN@b340000 | |
| 105 | @aa z 000yy | |
| 200 | 1 | @a军事知识全知道@Ajun shi zhi shi quan zhi dao@b专著@f李方江编 |
| 210 | @a合肥@c合肥工业大学出版社@d2016@h2017印 | |
| 215 | @a195页@c图,照片@d23cm | |
| 300 | @a快乐学习系列 | |
| 330 | @a本书从历史的角度阐述军事诞生之日到目前的一切关于军事的事物,也从现实的层面,概括当今世界各国的军事情况。 | |
| 606 | 0 | @a军事@j青少年读物 |
| 690 | @aE-49@v5 | |
| 701 | 0 | @a李方江@Ali fang jiang@4编 |
| 801 | 2 | @aCN@b辽宁北配@c20231205 |
| 905 | @aZUCC@dE-49@e7 | |
| 军事知识全知道/李方江编.-合肥:合肥工业大学出版社,2016(2017印) |
| 195页:图,照片;23cm |
| 快乐学习系列 |
| ISBN 978-7-5650-2899-1:CNY 35.00 |
| 本书从历史的角度阐述军事诞生之日到目前的一切关于军事的事物,也从现实的层面,概括当今世界各国的军事情况。 |
| ● |
| 相关链接 |
|
|
|
正题名:军事知识全知道
索取号:E-49/7
 
预约/预借
| 序号 | 登录号 | 条形码 | 馆藏地/架位号 | 状态 | 备注 |
| 1 | 2001502301 | 2001502301 | 401书库/ [索取号:E-49/7] | 在馆 | |
| 2 | 2001502302 | 2001502302 | 401书库/ [索取号:E-49/7] | 在馆 | |
| 3 | 2001502303 | 2001502303 | 401书库/ [索取号:E-49/7] | 在馆 | |
| 4 | 2001502304 | 2001502304 | 401书库/ [索取号:E-49/7] | 在馆 | |
| 5 | 2001502305 | 2001502305 | 401书库/ [索取号:E-49/7] | 在馆 | |
| 6 | 2001502306 | 2001502306 | 409书库/ [索取号:E-49/7] | 在馆 | |
| 7 | 2001502307 | 2001502307 | 409书库/ [索取号:E-49/7] | 在馆 | |
| 8 | 2001502308 | 2001502308 | 409书库/ [索取号:E-49/7] | 在馆 | |
| 9 | 2001502309 | 2001502309 | 409书库/ [索取号:E-49/7] | 在馆 | |
| 10 | 2001502310 | 2001502310 | 402书库/ [索取号:E-49/7] | 在馆 | |
| 11 | 2001502311 | 2001502311 | 402书库/ [索取号:E-49/7] | 在馆 | |
| 12 | 2001502312 | 2001502312 | 402书库/ [索取号:E-49/7] | 在馆 | |
| 13 | 2001502313 | 2001502313 | 402书库/ [索取号:E-49/7] | 在馆 | |
| 14 | 2001502314 | 2001502314 | 402书库/ [索取号:E-49/7] | 在馆 | |
| 15 | 2001502315 | 2001502315 | 402书库/ [索取号:E-49/7] | 在馆 | |
| 16 | 2001502316 | 2001502316 | 401书库/ [索取号:E-49/7] | 在馆 | |
| 17 | 2001502317 | 2001502317 | 409书库/ [索取号:E-49/7] | 在馆 | |
| 18 | 2001502318 | 2001502318 | 409书库/ [索取号:E-49/7] | 在馆 | |
| 19 | 2001502319 | 2001502319 | 403书库/ [索取号:E-49/7] | 在馆 | |
| 20 | 2001502320 | 2001502320 | 403书库/ [索取号:E-49/7] | 在馆 | |
| 21 | 2001502321 | 2001502321 | 403书库/ [索取号:E-49/7] | 在馆 | |
| 22 | 2001502322 | 2001502322 | 403书库/ [索取号:E-49/7] | 在馆 | |
| 23 | 2001502323 | 2001502323 | 403书库/ [索取号:E-49/7] | 在馆 | |
| 24 | 2001502324 | 2001502324 | 403书库/ [索取号:E-49/7] | 在馆 | |
| 25 | 2001502325 | 2001502325 | 315书库/ [索取号:E-49/7] | 在馆 | |
| 26 | 2001502326 | 2001502326 | 315书库/ [索取号:E-49/7] | 在馆 | |
| 27 | 2001502327 | 2001502327 | 315书库/ [索取号:E-49/7] | 在馆 | |
| 28 | 2001502328 | 2001502328 | 315书库/ [索取号:E-49/7] | 在馆 | |
| 29 | 2001502329 | 2001502329 | 315书库/ [索取号:E-49/7] | 在馆 | |
| 30 | 2001502330 | 2001502330 | 315书库/ [索取号:E-49/7] | 在馆 |